Riconosci l'Anno dagli eventi - Quiz n°13 - Statistics

Statistiche generali
  • Questo quiz è stato fatto 35 volte
  • Il punteggio medio è 7 su 8
Statistiche sulle risposte
Indizio Risposta % Corretto
A 8 agosto - Il terremoto di Creta, con una magnitudo di circa 8 Mw, colpisce la zona del mar Egeo e del mar di Levante, causando ingenti danni materiali e migliaia di vittime
100%
B La città di Canne viene annessa da Carlo II d'Angiò al territorio della città di Barletta
100%
C A seguito del Trattato di Parigi avviene la restituzione del ducato di Guyenna da parte di Filippo il bello al re inglese che in cambio riconosce i doveri di vassallaggio.
97%
D L'isola di Arwad, ultimo presidio latino Outremer, viene rioccupata dai mamelucchi
97%
E Papa Bonifacio VIII arrestato ad Anagni e portato a Gaeta per ordine di Filippo IV Il bello. Durante la prigionia il papa muore.
94%
F Filippo IV il bello convoca gli stati generali.
87%
G Fondazione dell'Università La Sapienza di Roma.
87%
Anno 1303
45%
Nessun quiz corrispondente trovato
Distribuzione punteggi
Percentuale di utenti per punteggio
Percentile per numero di risposta
I tuoi punteggi nel tempo
Non hai fatto questo quiz